000
00256nam a22001217a 4500
008
170919b xxu||||| |||| 00| 0 eng d
041
_a
eng
080
_a
7
100
_a
44
101
_a
ART
245
_a
MUSEUM OF FINE ARTS
_c
FONTEIN,J
942
_2
udc
_c
BK
999
_c
28209
_d
28209